000 01352nam a2200265Ia 4500
999 _c5142
_d5142
003 OSt
005 20200328003318.0
008 191128s1993 ck gr 000 0 spa d
020 _a9586161900
040 _aCO-JMCR
_cCO-JMCR
041 0 _aspa
082 0 4 _a320.2 /
_bT124c
_221
100 1 _aTafur Galvis, Álvaro,
_eautor
_92051
245 1 3 _aLa constitución de 1991 y la modernización del Estado Colombiano :
_bla participación la colaboración convencional, las empresas públicas, la privatización /
_cÁlvaro Tafur Galvis
250 _aPrimera edición
260 _aBogotá :
_bUniversidad Externado de Colombia,
_c1993
300 _a235 páginas ;
_c24 cm.
505 0 _aLa participación ciudadana y social en la constitución -- La colaboración convencional de los particulares en las actividades estatales -- Las empresas públicas y la modernización del estado
520 _aEvidentemente, las orientaciones y los principios plasmados en la Constitución política, conformadores del ordenamiento jurídico, comportan una redefinición de la organización real del Estado colombiano.
650 1 4 _aDerecho constitucional
_zColombia
_92052
650 1 4 _aReformas constitucionales
_zColombia
_92053
650 1 4 _aAdministración pública
_zColombia
_92054
650 1 4 _aConstitución (1991)
_zColombia
_92055
942 _2ddc
_cBK